Multi-mode/multi-band RF transceivers for wireless communications : (Record no. 131220)

MARC details
000 -LEADER
fixed length control field 01074cam a22002778a 4500
008 - FIXED-LENGTH DATA ELEMENTS--GENERAL INFORMATION
fixed length control field
020 ## - INTERNATIONAL STANDARD BOOK NUMBER
International Standard Book Number 9780470277119 (hbk.)
049 ## - LOCAL HOLDINGS (OCLC)
Holding library MAIN
090 ## - LOCALLY ASSIGNED LC-TYPE CALL NUMBER (OCLC); LOCAL CALL NUMBER (RLIN)
Classification number (OCLC) (R) ; Classification number, CALL (RLIN) (NR) TK6564.3
Local cutter number (OCLC) ; Book number/undivided call number, CALL (RLIN) MUL
003 - CONTROL NUMBER IDENTIFIER
control field
005 - DATE AND TIME OF LATEST TRANSACTION
control field 20230123122309.0
040 ## - CATALOGING SOURCE
Transcribing agency NUST
245 00 - TITLE STATEMENT
Title Multi-mode/multi-band RF transceivers for wireless communications :
Remainder of title advanced techniques, architectures, and trends /
Statement of responsibility, etc. edited by Gernot Hueber and Robert Bogdan Staszewski.
260 ## - PUBLICATION, DISTRIBUTION, ETC.
Place of publication, distribution, etc. NewJersey :
Name of publisher, distributor, etc. Wiley,
Date of publication, distribution, etc. c2010.
300 ## - PHYSICAL DESCRIPTION
Extent xiii, 594 p. ::
Other physical details ill. ;
Dimensions 24 cm.
500 ## - GENERAL NOTE
General note Includes index.
504 ## - BIBLIOGRAPHY, ETC. NOTE
Bibliography, etc. note Includes bibliographical references.
650 #0 - SUBJECT ADDED ENTRY--TOPICAL TERM
Topical term or geographic name entry element Radio
General subdivision Transmitter-receivers.
650 #0 - SUBJECT ADDED ENTRY--TOPICAL TERM
Topical term or geographic name entry element Wireless communication systems
General subdivision Equipment and supplies
-- Design and construction.
650 #0 - SUBJECT ADDED ENTRY--TOPICAL TERM
Topical term or geographic name entry element Cellular telephones
General subdivision Design and construction.
650 #0 - SUBJECT ADDED ENTRY--TOPICAL TERM
Topical term or geographic name entry element Wireless LANs
General subdivision Equipment and supplies
-- Design and construction.
700 1# - ADDED ENTRY--PERSONAL NAME
Personal name Hueber, Gernot.
700 1# - ADDED ENTRY--PERSONAL NAME
Personal name Staszewski, Robert Bogdan.
907 ## - LOCAL DATA ELEMENT G, LDG (RLIN)
a .b10326431
b 05-10-17
c 31-01-13
942 ## - ADDED ENTRY ELEMENTS (KOHA)
Koha item type Ordinary Loan Books
Call number prefix TK6564.3
Call number suffix MUL
Holdings
Date last seen Total Checkouts Full call number Barcode Cost, replacement price Price effective from Koha item type Lost status Source of classification or shelving scheme Damaged status Not for loan Collection Withdrawn status Home library Current library Shelving location Date acquired Cost, normal purchase price
01/23/2023   TK6564.3 MUL 92004043352 80.00 01/23/2023 BOOKS   LCC     NFIC   MAIN MAIN GEN 01/23/2023 80.00